| 000 | 00706nam a22002537a 4500 | ||
|---|---|---|---|
| 003 | OSt | ||
| 005 | 20180116183043.0 | ||
| 008 | 160303b xxu||||| |||| 00| 0 eng d | ||
| 020 | _a9780990985303 | ||
| 022 | _a9780990985303 | ||
| 040 | _c0 | ||
| 050 | _a658 | ||
| 082 | _a658 MAR 2015 | ||
| 100 | _aMarkham,Stephen K. | ||
| 245 |
_aTraversing the Valley of Death. _bA Practical guide for corporate innovation leaders. _cStephen K.Markham |
||
| 250 | _a1st. | ||
| 260 |
_aAmerica _bRobert B.Tucker _c2015. |
||
| 300 |
_a178p. _bHB |
||
| 440 | _aTraversing the Valley of Death. | ||
| 500 | _aHard Cover | ||
| 600 | _aMarkham,Stephen K. | ||
| 700 | _aMarkham,Stephen K. | ||
| 942 |
_2ddc _cBK _k658 |
||
| 999 |
_c351325 _d351325 |
||